Generación del 98 / (Registro nro. 3462)

Detalles MARC
000 -LEADER
fixed length control field 00637nam a2200217Ia 4500
003 - CONTROL NUMBER IDENTIFIER
control field OSt
005 - DATE AND TIME OF LATEST TRANSACTION
control field 20250701162001.0
008 - FIXED-LENGTH DATA ELEMENTS--GENERAL INFORMATION
fixed length control field 191128s2000 ck er 000 f spa d
020 ## - INTERNATIONAL STANDARD BOOK NUMBER
International Standard Book Number 9583006947
040 ## - CATALOGING SOURCE
Original cataloging agency CO-JMCR
Transcribing agency CO-JMCR
041 ## - LANGUAGE CODE
Language code of text/sound track or separate title spa
082 04 - DEWEY DECIMAL CLASSIFICATION NUMBER
Classification number A-P
Item number HERg
100 1# - MAIN ENTRY--PERSONAL NAME
Personal name Hernández, Carlos Nicolás,
Relator term selección
9 (RLIN) 9185
245 10 - TITLE STATEMENT
Title Generación del 98 /
Statement of responsibility, etc. Selección de Carlos Nicolás Hernández
250 ## - EDITION STATEMENT
Edition statement Primera edición
260 ## - PUBLICATION, DISTRIBUTION, ETC.
Place of publication, distribution, etc. Bogotá :
Name of publisher, distributor, etc. Panamericana,
Date of publication, distribution, etc. 2000
300 ## - PHYSICAL DESCRIPTION
Extent 86 páginas :
Dimensions 21 cm.
490 0# - SERIES STATEMENT
Series statement Cuadernillos de poesía
650 14 - SUBJECT ADDED ENTRY--TOPICAL TERM
Topical term or geographic name entry element Poesía española
Chronological subdivision Siglo XXI
9 (RLIN) 9186
942 ## - ADDED ENTRY ELEMENTS (KOHA)
Source of classification or shelving scheme Dewey Decimal Classification
Koha item type Books
Existencias
Withdrawn status Lost status Source of classification or shelving scheme Damaged status Not for loan Collection code Home library Current library Date acquired Total Checkouts Full call number Barcode Date last seen Date last checked out Copy number Price effective from Koha item type
    Dewey Decimal Classification     Fiction Biblioteca Pública José María del Castillo y Rada Biblioteca Pública José María del Castillo y Rada 11/28/2019 2 A-P HERg 201807314 07/25/2025 07/24/2025 Ej.1 11/28/2019 Books